Statistiques concernant Trouvez les 7 erreurs (départements)

Cliquez ici pour prendre le quiz!

Statistiques générales

  • Ce quiz a été pris 326 fois
  • Le résultat moyen est 26 sur 105

Statistiques - réponses

Départements% Correct
Ardennes (08)Erroné
63%
Ariège (09)Erroné
63%
Vendée (85)Erroné
52%
09Ardennes
36%
Haut-Rhin (68)Erroné
35%
08Ariège
34%
12Aveyron
31%
10Aube
30%
13Bouches-du-Rhône
30%
16Charente
30%
17Charente-Maritime
30%
Doubs (25)Manquant
30%
Loiret (45)Manquant
30%
11Aude
29%
14Calvados
29%
15Cantal
29%
18Cher
29%
19Corrèze
29%
65Hautes-Pyrénées | Vendée
28%
05Hautes-Alpes
27%
07Ardèche
27%
26Drôme
27%
27Eure
27%
31Haute-Garonne
27%
34Hérault
27%
35Ille-et-Vilaine
27%
36Indre
27%
37Indre-et-Loire
27%
38Isère
27%
41Loir-et-Cher
27%
43Haute-Loire
27%
46Lot
27%
06Alpes-Maritimes
26%
28Eure-et-Loir
26%
29Finistère
26%
32Gers
26%
33Gironde
26%
39Jura
26%
40Landes
26%
01Ain
25%
03Allier
25%
22Côtes-d'Armor
25%
23Creuse
25%
24Dordogne
25%
30Gard
25%
42Loire
25%
44Loire-Atlantique
25%
47Lot-et-Garonne
25%
48Lozère
25%
49Maine-et-Loire
25%
50Manche
25%
51Marne
25%
55Meuse
25%
67Bas-Rhin | Haut-Rhin
25%
04Alpes-de-Haute-Provence
24%
21Côte-d'Or
24%
52Haute-Marne
24%
53Mayenne
24%
54Meurthe-et-Moselle
24%
57Moselle
24%
02Aisne
23%
56Morbihan
23%
58Nièvre
23%
59Nord
22%
62Pas-de-Calais
22%
64Pyrénées-Atlantiques
22%
66Pyrénées-Orientales
22%
60Oise
21%
63Puy-de-Dôme
21%
61Orne
20%
69Rhône
20%
70Haute-Saône
20%
71Saône-et-Loire
20%
72Sarthe
20%
74Haute-Savoie
20%
77Seine-et-Marne
20%
73Savoie
19%
76Seine-Maritime
19%
78Yvelines
19%
95Val-d'Oise
19%
75Paris
18%
79Deux-Sèvres
18%
82Tarn-et-Garonne
18%
83Var
18%
84Vaucluse
18%
86Vienne
18%
87Haute-Vienne
18%
92Hauts-de-Seine
18%
94Val-de-Marne
18%
2BHaute-Corse
17%
80Somme
17%
81Tarn
17%
88Vosges
17%
89Yonne
17%
90Territoire de Belfort
17%
93Seine-Saint-Denis
17%
2ACorse-du-Sud
16%
91Essonne
16%
Mayotte (976)Manquant
14%
972Martinique
13%
971Guadeloupe
11%
973Guyane
11%
974La Réunion
11%

Distribution des résultats

Percentile par nombre de réponses

% des personnes avec chaque résultat

Votre développement - résultats

Vous n’avez pas pris ce quiz